00622nam a2200181Ia 4500952013100000999001700131003000400148005001700152008004100169040000900210082001900219100002900238245005800267260004300325300000900368650001900377942004400396 00102ddc40708ARTSaMESbMEScARTSd2019-02-20g300.00l0o700.954 SAN/Ap16941r2019-02-20 00:00:00w2019-02-20yBKzU22R4 c19890d19890OSt20201014122254.0190216s9999||||xx |||||||||||||| ||und|| coclc a700.954bSAN/A aSanderson, Gordon 95716 4aThe Arts And Antiquities Of India /cGordon Sanderson bCosmo Publications,c1983.aNew Delhi: a201p aIndian History cBK2ddch700.954iSAN/Ak700.954mSAN/A